| 000 | 00356nam a22001457a 4500 | ||
|---|---|---|---|
| 008 | 250915b |||||||| |||| 00| 0 eng d | ||
| 020 | _a9780310310335511 | ||
| 050 |
_aBV401.3 _b.W37 |
||
| 100 | _aWarren Rick | ||
| 245 | _aWhat on earth am i here for? | ||
| 260 |
_aMichigan _bZondervan _c2002 |
||
| 300 | _avii,368p. | ||
| 650 | _achristian | ||
| 942 | _cBK | ||
| 999 |
_c4479 _d4479 |
||